00749nam a2200241 a 4500001001300000003000900013005001700022008004100039020000900080082001400089100002000103245004500123260005600168300000900224500003500233505002000268650002700288700002000315902000800335942000700343952014000350999001700490nice12345678IN_TiNIC20260116014259.0050524s2002 hyda grp 000 0 eng  ac5000a025bJAC1 aJacob, Chinappa aAll India Christian E-Mail/web Directory aHyd/secybderabadbPetra Communication Servicec2002 a200p aincludes index and biblioraphy2 aGlossary, Index aDirectory-Christianity1 aJacob, Chinappa bSRS cBK 001040708StackRoom-aHMIbHMId2007-07-31g50.00l4m6o025 JAC1p020207q2026-02-24r2026-02-10s2026-02-10v50.00w2005-05-24yBK c14622d14622